|
|
|
|
| LEADER |
00981nab a2200241 i 4500 |
| 001 |
misc62035 |
| 005 |
20230629144307.0 |
| 008 |
230525s1961 hu o 0|| ger d |
| 022 |
|
|
|a 0001-6446
|
| 040 |
|
|
|a SZTE Miscellanea Repozitórium
|b hun
|
| 041 |
|
|
|a ger
|
| 100 |
1 |
|
|a Rásonyi László
|
| 245 |
1 |
0 |
|a Zu den Namen der ersten türkischen Herren von Jerusalem
|h [elektronikus dokumentum] /
|c Rásonyi László
|
| 260 |
|
|
|c 1961
|
| 300 |
|
|
|a 89-94
|c 24 cm
|
| 300 |
|
|
|a [6] p.
|c 24 cm
|
| 490 |
0 |
|
|a Acta Orientalia Academiae Scientiarum Hungaricae;Acta Orientalia Academiae Scientiarum Hungaricae : a Magyar Tudományos Akadémia orientalisztikai közleményei
|
| 561 |
|
|
|a Németh Gyula hagyaték
|
| 591 |
|
|
|a LOA 3029; NOA 4815
|
| 650 |
|
4 |
|a Bölcsészettudományok
|
| 650 |
|
4 |
|a Nyelvek és irodalom
|
| 695 |
|
|
|a Névkutatás - török nyelv - Jeruzsálem, Török nyelv - etimológia
|
| 856 |
4 |
0 |
|u http://misc.bibl.u-szeged.hu/62035/1/4815_noa.pdf
|z Dokumentum-elérés
|